000 00897nam a22002417a 4500
999 _c7026
_d7026
003 AR-CdUCM
008 190319b ||||| |||| 00| 0 spa d
040 _aMUNICIPALIDAD PROVINCIAL DEL CUSCO
_cBIBLIOTECA MUNICIPAL DEL CUSCO
082 _a621.31042 /
_bH93
100 _aHumburg, Karl
_919798
245 _aMaquinas de Corriente Continua /
260 _aMexico :
_bHispano Americana,
_c1966.
300 _a112 paginas ;
_bIlustraciones, graficos, dibujos, arte,
_c17 cm.
440 _aManuales Uteha
_n6
_919718
500 _aTecnologia = 6
505 _aContenido:Maquina corriente continua -- devanado del rotor -- magnetico de los polos principales -- calcula de la excitacion -- commutacion de corriente...
650 _aTecnologia
_91571
650 _aMaquinas
_919799
650 _aEstudios
_919800
700 _aVazquez Briones, Hector
_919801
942 _2ddc
_cLIBROS
945 _apjha